U.S. Treemap - Map Quiz - Statistics

General Stats
  • This quiz has been taken 168 times
  • The average score is 6 of 50
Answers on the Map
Answers color-coded by a green-red scale on the quiz's map according to % correct below.
 
Answer Stats
Answer % Correct
California
55%
Texas
43%
New York
35%
Florida
33%
Alaska
25%
Wyoming
25%
Pennsylvania
24%
Illinois
22%
Ohio
22%
Georgia
18%
Alabama
16%
Michigan
16%
Washington
16%
North Carolina
14%
Virginia
14%
Arizona
12%
Indiana
12%
New Jersey
12%
Vermont
12%
Colorado
10%
Rhode Island
10%
Tennessee
10%
Massachusetts
8%
South Carolina
8%
South Dakota
8%
Arkansas
6%
Minnesota
6%
Missouri
6%
Montana
6%
Wisconsin
6%
Connecticut
4%
Delaware
4%
Idaho
4%
Kansas
4%
Kentucky
4%
Louisiana
4%
Maine
4%
Maryland
4%
Nebraska
4%
North Dakota
4%
Oklahoma
4%
Oregon
4%
Hawaii
2%
Iowa
2%
Mississippi
2%
Nevada
2%
New Hampshire
2%
New Mexico
2%
Utah
2%
West Virginia
2%
No matching quizzes found
Score Distribution
Percent of People with Each Score
Percentile by Number Answered
Your Score History
You have not taken this quiz